Islam: its meaning and message (Record no. 4464)
[ view plain ]
| 000 -LEADER | |
|---|---|
| fixed length control field | 00505 a2200169 4500 |
| 020 ## - INTERNATIONAL STANDARD BOOK NUMBER | |
| International Standard Book Number | 0860372871 |
| 040 ## - CATALOGING SOURCE | |
| Original cataloging agency | DLC |
| Language of cataloging | DLC |
| 082 ## - DEWEY DECIMAL CLASSIFICATION NUMBER | |
| Classification number | 297 |
| 245 ## - TITLE STATEMENT | |
| Title | Islam: its meaning and message |
| Statement of responsibility, etc. | edited by Khurshid Ahmad ; foreword by Salem Azzam |
| 250 ## - EDITION STATEMENT | |
| Edition statement | 3rd ed. |
| 260 ## - PUBLICATION, DISTRIBUTION, ETC. | |
| Place of publication, distribution, etc. | London : |
| Name of publisher, distributor, etc. | Islamic Council of Europe : distributed by News and Media, |
| Date of publication, distribution, etc. | c1999. |
| 300 ## - PHYSICAL DESCRIPTION | |
| Extent | 279 p. : |
| Dimensions | 22 cm. |
| 500 ## - GENERAL NOTE | |
| General note | Includes index. |
| 650 ## - SUBJECT ADDED ENTRY--TOPICAL TERM | |
| Topical term or geographic name entry element | Islam. |
| 700 ## - ADDED ENTRY--PERSONAL NAME | |
| Personal name | Ahmad, Khurshid. |
| 9 (RLIN) | 125703 |
| 942 ## - ADDED ENTRY ELEMENTS (KOHA) | |
| Koha item type | CSS Corner |
| Call number prefix | 297 KHU |
| Source of classification or shelving scheme | |
| Withdrawn status | Lost status | Damaged status | Not for loan | Collection code | Permanent Location | Current Location | Shelving location | Date acquired | Source of acquisition | Cost, normal purchase price | Total Checkouts | Total Renewals | Full call number | Barcode | Date last seen | Date last checked out | Price effective from | Koha item type | Source of classification or shelving scheme | Materials specified (bound volume or other part) |
|---|---|---|---|---|---|---|---|---|---|---|---|---|---|---|---|---|---|---|---|---|
| Central Library (CL) | Central Library (CL) | General Stacks | 11/11/2005 | Saeed Book Bank | 651.90 | 3 | 5 | 297 KHU | SEECS006657 | 03/08/2026 | 05/18/2024 | 01/05/2017 | Book | |||||||
| Central Library (CL) | Central Library (CL) | Central Superior Services | 11/11/2005 | Saeed Book Bank | 651.90 | 3 | 297 KHU | SEECS006658 | 05/08/2023 | 11/24/2022 | 01/05/2017 | CSS Corner | CSS Corner Book |
